Thinking critically about ethical issues (Record no. 36553)

MARC details
000 -LEADER
fixed length control field 00444nam a2200181Ia 4500
020 ## - INTERNATIONAL STANDARD BOOK NUMBER
ISBN 1559340711
050 ## - CALL MARK
Classification number BJ 1012 .R82/
100 ## - STATEMENT OF RESPONSIBILITY--MAIN AUTHOR NAME
Personal name Ruggiero, Vincent Ryan
245 #0 - TITLE STATEMENT
Title Thinking critically about ethical issues
250 ## - EDITION / VOLUME STATEMENT
Edition / Volume statement 3rd ed.
260 ## - PUBLICATION, DISTRIBUTION, ETC. (IMPRINT)
Name of publisher Mayfield publishing company
260 ## - PUBLICATION, DISTRIBUTION, ETC. (IMPRINT)
Year of publication 1992
300 ## - PHYSICAL DESCRIPTION
Number of Pages 188 p
650 ## - SUBJECT ADDED ENTRY--TOPICAL TERM
Topical Term Ethics
942 ## - ADDED ENTRY ELEMENTS (KOHA)
Koha item type Books
Holdings
Withdrawn status Lost status Source of classification or shelving scheme Damaged status Not for loan Permanent Location Current Location Date acquired Accession Number Price effective from Koha item type
    Library of Congress Classification     NILE UNIVERSITY OF NIGERIA - MAIN LIBRARY NILE UNIVERSITY OF NIGERIA - MAIN LIBRARY 04/23/2025 0001615 04/23/2025 Books